| 000 | 00375nam a2200157Ia 4500 | ||
|---|---|---|---|
| 008 | 230312s9999||||xx |||||||||||||| ||und|| | ||
| 020 | _a0-335-21933-9 | ||
| 082 |
_a808.042 _bMUR-A |
||
| 100 | _aMurray;Rowena | ||
| 245 | 0 | _aAcademic Writing | |
| 260 |
_bMcGraw Hill _aUSA _c2006 |
||
| 300 | _a196 | ||
| 546 | _aEng. | ||
| 650 |
_aManagement _vAcademic Approach |
||
| 942 | _cBK | ||
| 999 |
_c6997 _d6997 |
||